00249nam a22000857a 4500008004100000082002100041245005500062260003800117300000800155230704b xxu||||| |||| 00| 0 eng d a362.1 bCAR 2004 aImproving the Health of the World's Poorest People bPopulation Reference Bureauc2004 a34p